[Event "North American op 33rd"]
[Site "Las Vegas"]
[Date "2023.12.27"]
[Round "4"]
[White "Chen, Tianjun"]
[Black "De la Colina, Nicolas"]
[Result "0-1"]
[WhiteElo "1824"]
[BlackElo "2145"]
[PlyCount "70"]
[EventDate "2023.12.26"]
[EventType "swiss"]
[EventRounds "9"]
[EventCountry "USA"]
[SourceTitle "CB01_2024"]
[SourceDate "2024.01.03"]
[SourceVersion "1"]
[SourceVersionDate "2024.01.03"]
[SourceQuality "1"]

1. Nf3 g6 2. c4 Bg7 3. g3 c5 4. Bg2 Nc6 5. 0-0 d6 6. Nc3 e5 7. d3 Nge7 8. a3 a5 9. Ne1 Be6 10. Nc2 d5 11. cxd5 Nxd5 12. Ne3 Nde7 13. Bd2 0-0 14. Rb1 b6 15. Na4 f5 16. f4 exf4 17. gxf4 Bd4 18. Nc3 Nd5 19. Ncxd5 Bxd5 20. Kh1 Bxe3 21. Bxe3 Re8 22. Bg1 Bxg2+ 23. Kxg2 Qd5+ 24. Kg3 Re6 25. Qc2 Rae8 26. Rbe1 h6 27. h4 Nd4 28. Bxd4 cxd4 29. Rf3 Re3 30. Qc4 Qxc4 31. dxc4 Rxe2 32. Rxe2 Rxe2 33. Rf2 Rxf2 34. Kxf2 a4 35. Ke2 Kf7 0-1

[Event "North American op 33rd"]
[Site "Las Vegas"]
[Date "2023.12.27"]
[Round "3"]
[White "De la Colina, Nicolas"]
[Black "Le, Quang Long"]
[Result "1/2-1/2"]
[WhiteElo "2145"]
[BlackElo "2413"]
[PlyCount "71"]
[EventDate "2023.12.26"]
[EventType "swiss"]
[EventRounds "9"]
[EventCountry "USA"]
[SourceTitle "CB01_2024"]
[SourceDate "2024.01.03"]
[SourceVersion "1"]
[SourceVersionDate "2024.01.03"]
[SourceQuality "1"]

1. e4 c5 2. Nc3 Nc6 3. Bb5 g6 4. Bxc6 dxc6 5. d3 Bg7 6. Be3 b6 7. Qd2 Nf6 8. Bh6 0-0 9. Bxg7 Kxg7 10. f4 b5 11. Nf3 Qb6 12. 0-0 Bg4 13. Nh4 c4+ 14. Kh1 cxd3 15. e5 Ng8 16. Qxd3 Nh6 17. h3 Rad8 18. Qg3 Bf5 19. Qf2 Qxf2 20. Rxf2 Rd4 21. Re1 Be6 22. g4 b4 23. Na4 Rfd8 24. b3 Rd1 25. Rxd1 Rxd1+ 26. Kg2 Bd5+ 27. Nf3 f5 28. exf6+ exf6 29. c4 bxc3 30. Nxc3 Bxf3+ 31. Rxf3 Rd4 32. Re3 Kf7 33. Kf3 Ng8 34. Re4 Rd3+ 35. Re3 Rd4 36. Re4 1/2-1/2

[Event "Charlotte Super op"]
[Site "Charlotte"]
[Date "2023.07.11"]
[Round "4"]
[White "De la Colina, Nicolas"]
[Black "Belenkaya, Dina"]
[Result "0-1"]
[WhiteElo "2135"]
[BlackElo "2322"]
[PlyCount "154"]
[EventDate "2023.07.09"]
[EventType "swiss"]
[EventRounds "9"]
[EventCountry "USA"]
[SourceTitle "CBM 215 Extra"]
[Source "ChessBase"]
[SourceDate "2023.09.30"]
[SourceVersion "1"]
[SourceVersionDate "2023.09.30"]
[SourceQuality "1"]

1. Nf3 d5 2. b3 Nf6 3. Bb2 Bf5 4. Nh4 e6 5. Nxf5 exf5 6. e3 Bd6 7. Be2 0-0 8. 0-0 Nbd7 9. d3 c6 10. Nd2 Be5 11. c3 Rc8 12. Nf3 Bb8 13. c4 Re8 14. cxd5 Nxd5 15. Re1 Ne5 16. Nxe5 Bxe5 17. Bxe5 Rxe5 18. Bf3 Qd6 19. d4 Re6 20. Rc1 Rd8 21. g3 Nf6 22. Qc2 Ne4 23. Bg2 Rde8 24. Rcd1 Qe7 25. Qc4 Qa3 26. Re2 h5 27. Bxe4 Rxe4 28. Qc5 Qa6 29. Red2 g6 30. h4 Rd8 31. a4 Rd5 32. Qc4 Qa5 33. Qe2 Re8 34. Rc2 Qb4 35. Rd3 Qe7 36. Qf3 Red8 37. Rdc3 Qb4 38. Rc1 Re8 39. Qf4 Kg7 40. Kg2 Re4 41. Qb8 Qb6 42. f3 Rd8 43. Qxd8 Qxd8 44. fxe4 fxe4 45. Rc5 Qf6 46. Rf1 Qe6 47. Rc3 Qg4 48. Rf4 Qe2+ 49. Rf2 Qe1 50. Rfc2 a5 51. Kh2 Kh6 52. Kg2 f6 53. Kh2 g5 54. Kg2 Kg6 55. Kh2 Kf5 56. hxg5 fxg5 57. Rc5+ Kg4 58. Rg2 Qxe3 59. Rxa5 Qxb3 60. Re5 Qd3 61. Re7 b6 62. Re6 e3 63. Rxc6 Qe4 64. Rc1 Qxd4 65. Rgc2 Kf3 66. Rf1+ Ke4 67. Rg2 Qxa4 68. Rf8 Qd7 69. Rf6 b5 70. Rf8 b4 71. Rb2 Qd6 72. Re8+ Kf3 73. Rg2 h4 74. Ra8 hxg3+ 75. Kh1 Qd1+ 76. Rg1 g2+ 77. Kh2 Qd6+ 0-1

[Event "Charlotte Super op"]
[Site "Charlotte"]
[Date "2023.07.10"]
[Round "2"]
[White "De la Colina, Nicolas"]
[Black "Gauri, Shankar"]
[Result "0-1"]
[WhiteElo "2135"]
[BlackElo "2360"]
[PlyCount "70"]
[EventDate "2023.07.09"]
[EventType "swiss"]
[EventRounds "9"]
[EventCountry "USA"]
[SourceTitle "CBM 215 Extra"]
[Source "ChessBase"]
[SourceDate "2023.09.30"]
[SourceVersion "1"]
[SourceVersionDate "2023.09.30"]
[SourceQuality "1"]

1. Nf3 Nf6 2. b3 d5 3. Bb2 Bf5 4. Nh4 Bd7 5. c4 c5 6. cxd5 Nxd5 7. Nf3 Nc6 8. e3 e6 9. Be2 Be7 10. 0-0 0-0 11. Nc3 Bf6 12. Qc1 Nxc3 13. Bxc3 e5 14. d3 Rc8 15. Qb2 Re8 16. Rfe1 b5 17. Qd2 Bf5 18. Rac1 Qd6 19. Red1 Red8 20. Ba1 h6 21. h3 Qe7 22. Ne1 Nb4 23. Bc3 Nxd3 24. Bxd3 e4 25. Bxf6 Qxf6 26. Qe2 exd3 27. Nxd3 c4 28. bxc4 bxc4 29. Ne1 Rxd1 30. Rxd1 c3 31. Rc1 Qd6 32. Nf3 Qa3 33. Qe1 c2 34. Nd4 Bg6 35. Qd2 Qb2 0-1

[Event "Titled Tuesday intern op 06th Jun Early"]
[Site "Chess.com INT"]
[Date "2023.06.06"]
[Round "7"]
[White "De la Colina, Nicolas"]
[Black "Moral Garcia, Serafin"]
[Result "1-0"]
[WhiteElo "2198"]
[BlackElo "2240"]
[PlyCount "155"]
[EventDate "2023.06.06"]
[EventType "swiss (blitz)"]
[EventRounds "11"]
[EventCountry "USA"]
[SourceTitle "EXT 2024"]
[Source "ChessBase"]
[SourceDate "2023.10.10"]
[SourceVersion "1"]
[SourceVersionDate "2023.10.10"]
[SourceQuality "1"]

1. e4 e5 2. Nf3 Nc6 3. Bc4 Bc5 4. c3 Nf6 5. d3 a6 6. Bb3 Ba7 7. Nbd2 0-0 8. Nc4 d6 9. Bg5 Qe7 10. Ne3 Be6 11. Nh4 g6 12. Qf3 Kg7 13. Qg3 Rfe8 14. Bxe6 fxe6 15. 0-0 Nh5 16. Qg4 Qf7 17. Nc4 Rf8 18. Be3 Nf4 19. Bxa7 Rxa7 20. Rad1 Raa8 21. Kh1 Qf6 22. g3 h5 23. Qf3 Nh3 24. Qxf6+ Rxf6 25. Kg2 Ng5 26. f4 Nf7 27. Rf2 exf4 28. gxf4 Rf8 29. Rdf1 g5 30. fxg5 Rxf2+ 31. Rxf2 Nxg5 32. Rxf8 Kxf8 33. Nf3 Nf7 34. Ne3 Kg7 35. Kg3 Kg6 36. Nh4+ Kg5 37. Nf3+ Kf6 38. Ng2 Nce5 39. Nxe5 Nxe5 40. Nf4 Ke7 41. b3 h4+ 42. Kxh4 Nf3+ 43. Kg3 Nd2 44. h4 Nb1 45. Ne2 Kf6 46. Kf4 Nd2 47. Ke3 Nf1+ 48. Kf2 Nd2 49. Ke3 Nf1+ 50. Kf4 Nd2 51. h5 e5+ 52. Kg4 Nf1 53. h6 Kg6 54. h7 Kxh7 55. Kf5 Ne3+ 56. Ke6 Kg6 57. Kd7 Kg5 58. Kxc7 Kg4 59. Kxd6 Kf3 60. Nc1 Nd1 61. Kxe5 Nxc3 62. b4 Ke3 63. a3 Kd2 64. Nb3+ Kxd3 65. Nc5+ Kc4 66. Nxb7 Kb3 67. Nc5+ Kxa3 68. Nxa6 Ka4 69. Kd4 Nxe4 70. Kxe4 Kb5 71. Kd5 Kxa6 72. Kc6 Ka7 73. Kc7 Ka6 74. Kc6 Ka7 75. b5 Kb8 76. Kb6 Ka8 77. Kc7 Ka7 78. b6+ 1-0

[Event "Titled Tuesday intern op 06th Jun Early"]
[Site "Chess.com INT"]
[Date "2023.06.06"]
[Round "6"]
[White "Reprintsev, Alexander"]
[Black "De la Colina, Nicolas"]
[Result "1/2-1/2"]
[WhiteElo "2238"]
[BlackElo "2198"]
[PlyCount "145"]
[EventDate "2023.06.06"]
[EventType "swiss (blitz)"]
[EventRounds "11"]
[EventCountry "USA"]
[SourceTitle "EXT 2024"]
[Source "ChessBase"]
[SourceDate "2023.10.10"]
[SourceVersion "1"]
[SourceVersionDate "2023.10.10"]
[SourceQuality "1"]

1. e4 c5 2. b3 g6 3. Bb2 Nf6 4. e5 Nd5 5. Nc3 Nc7 6. d4 Bg7 7. Nf3 Nc6 8. dxc5 Nxe5 9. Nxe5 Bxe5 10. Qe2 Bg7 11. 0-0-0 Ne6 12. Ne4 Bxb2+ 13. Kxb2 Qa5 14. h4 h5 15. Qb5 Qc7 16. Rd5 b6 17. cxb6 axb6 18. Qc4 Qxc4 19. Bxc4 Bb7 20. Re5 d6 21. Rxe6 fxe6 22. Ng5 Bd5 23. Bd3 Rg8 24. f3 e5 25. Re1 Kd7 26. Bb5+ Bc6 27. Bc4 Rgf8 28. Bd3 Rf6 29. a4 Rg8 30. Re3 Rf4 31. g3 Rf6 32. c4 Rgf8 33. Be2 e6 34. Kc3 Rf5 35. Kd2 d5 36. Ke1 Kd6 37. Kf2 d4 38. Rd3 Kc5 39. Kg2 e4 40. fxe4 Rf2+ 41. Kh3 Rxe2 42. Nxe6+ Kd6 43. Nxf8 Be8 44. Rxd4+ Ke7 45. Nh7 Bd7+ 46. g4 Bxg4+ 47. Kg3 Re3+ 48. Kf4 Rxb3 49. Ng5 Rb4 50. Ke5 Rxa4 51. Kd5 Ra5+ 52. Kc6 Ra1 53. Kxb6 Rh1 54. Kc7 Rxh4 55. c5 Rh1 56. c6 Rc1 57. Rd6 Rc5 58. Rxg6 Bd1 59. Re6+ Kf8 60. Nh3 Bg4 61. Rf6+ Kg7 62. Rd6 Bxh3 63. Kd8 h4 64. c7 Bg4 65. Rd5 Rxd5+ 66. exd5 h3 67. d6 h2 68. d7 Bxd7 69. Kxd7 h1Q 70. c8Q Qd5+ 71. Kc7 Kf7 72. Qd7+ Qxd7+ 73. Kxd7 1/2-1/2

[Event "Chicago op 32nd"]
[Site "Chicago"]
[Date "2023.05.29"]
[Round "9"]
[White "De la Colina, Nicolas"]
[Black "Ehsani, Yassamin L"]
[Result "1-0"]
[WhiteElo "2244"]
[BlackElo "2037"]
[PlyCount "241"]
[EventDate "2023.05.25"]
[EventType "swiss"]
[EventRounds "9"]
[EventCountry "USA"]
[SourceTitle "CBM 214 Extra"]
[Source "ChessBase"]
[SourceDate "2023.07.31"]
[SourceVersion "1"]
[SourceVersionDate "2023.07.31"]
[SourceQuality "1"]

1. e4 e6 2. d4 d5 3. Nd2 c5 4. Ngf3 Nf6 5. exd5 exd5 6. Bb5+ Bd7 7. Bxd7+ Nbxd7 8. 0-0 Be7 9. dxc5 Nxc5 10. Nb3 Nce4 11. Nbd4 0-0 12. c3 Rc8 13. h3 Re8 14. Be3 Bf8 15. Re1 h6 16. Qc2 a6 17. Rad1 b5 18. a3 Nd6 19. Nf5 Nc4 20. Bd4 Ne4 21. Ne3 Nxe3 22. Bxe3 Qd6 23. Qb3 Rcd8 24. Rd4 Qc6 25. Red1 Nf6 26. R4d3 Qc4 27. Qc2 Qc7 28. Nd4 Ne4 29. Ne2 Qc6 30. Nf4 Nf6 31. R3d2 Re4 32. Qb3 Bc5 33. Bxc5 Qxc5 34. Nd3 Qc4 35. Qxc4 dxc4 36. Nc5 Re1+ 37. Rxe1 Rxd2 38. Nxa6 Rxb2 39. Nc7 Rb3 40. Re5 Rxc3 41. Nxb5 Rc1+ 42. Kh2 Rb1 43. Rc5 Rb3 44. a4 Nd7 45. Rc8+ Kh7 46. Rxc4 Nb6 47. Rc7 Nxa4 48. Nd6 Rd3 49. Nxf7 Rd5 50. Re7 Nb2 51. Ne5 Nd3 52. Ng4 Rf5 53. f3 Nf4 54. Re4 Rf8 55. h4 Nh5 56. Ra4 Nf6 57. Ne3 Re8 58. Nf5 Kg6 59. Ng3 Re1 60. Ra5 Re8 61. Kh3 Re1 62. Ra7 Re5 63. Ra6 Kh7 64. Kh2 Rb5 65. Ne4 Nxe4 66. fxe4 Rb4 67. Re6 Rb3 68. g3 Kg8 69. Kg2 Kf7 70. Ra6 Re3 71. Ra4 Kf6 72. Kf2 Rb3 73. Ra5 Rc3 74. h5 Rb3 75. Ra6+ Kf7 76. Ra7+ Kf8 77. Rd7 Ra3 78. Kg2 Re3 79. Rd4 Kf7 80. Kh3 Kf6 81. Kg4 Ke5 82. Rd5+ Ke6 83. Kf4 Re1 84. Ra5 Rf1+ 85. Kg4 Re1 86. Ra6+ Ke5 87. Ra5+ Ke6 88. Kf3 Rf1+ 89. Ke2 Rg1 90. Kf2 Rb1 91. Ra6+ Ke5 92. Ra7 Kxe4 93. Rxg7 Rb2+ 94. Kg1 Rb5 95. g4 Kf3 96. Kh2 Kf4 97. Kh3 Rb3+ 98. Kh4 Rb1 99. Rf7+ Ke5 100. Rf5+ Ke6 101. Rf8 Ke5 102. Kh3 Rb3+ 103. Kg2 Rb4 104. Rf5+ Ke6 105. Kg3 Rb3+ 106. Kh4 Rb1 107. Rf3 Rb4 108. Kg3 Ra4 109. Kh3 Rb4 110. Ra3 Kf6 111. Kg3 Rc4 112. Kf3 Rb4 113. Kg3 Rc4 114. Ra6+ Kg7 115. Re6 Ra4 116. Kf3 Rb4 117. Re7+ Kf6 118. Rh7 Rb3+ 119. Kf4 Rb4+ 120. Kg3 Rb3+ 121. Kh4 1-0

[Event "Chicago op 32nd"]
[Site "Chicago"]
[Date "2023.05.29"]
[Round "8"]
[White "Huston, Gus"]
[Black "De la Colina, Nicolas"]
[Result "1-0"]
[WhiteElo "2347"]
[BlackElo "2244"]
[PlyCount "64"]
[EventDate "2023.05.25"]
[EventType "swiss"]
[EventRounds "9"]
[EventCountry "USA"]
[SourceTitle "CBM 214 Extra"]
[Source "ChessBase"]
[SourceDate "2023.07.31"]
[SourceVersion "1"]
[SourceVersionDate "2023.07.31"]
[SourceQuality "1"]

1. e4 c5 2. Nf3 Nc6 3. d4 cxd4 4. Nxd4 Nf6 5. Nc3 d6 6. Bg5 Bd7 7. Qd2 h6 8. Bxf6 gxf6 9. 0-0-0 Nxd4 10. Qxd4 Qa5 11. Kb1 Rc8 12. f4 Qc5 13. Qd3 f5 14. exf5 Bxf5 15. Qg3 e6 16. Bd3 Be7 17. Rhe1 Kf8 18. Bxf5 Qxf5 19. Qf3 d5 20. g4 Qf6 21. Ne2 Rc4 22. Rf1 Rg8 23. h3 Bd6 24. Rd3 Ke7 25. f5 Re4 26. Re3 Rxe3 27. Qxe3 Qe5 28. Qf2 Kd8 29. Nd4 Kc8 30. fxe6 fxe6 31. Qf7 Rf8 32. Qxe6+ Kc7 1-0

[Event "Titled Tuesday intern op 16th May Late"]
[Site "Chess.com INT"]
[Date "2023.05.16"]
[Round "2"]
[White "De la Colina, Nicolas"]
[Black "Senft, Sean"]
[Result "1-0"]
[WhiteElo "2244"]
[BlackElo "2089"]
[PlyCount "107"]
[EventDate "2023.05.16"]
[EventType "swiss (blitz)"]
[EventRounds "11"]
[EventCountry "USA"]
[SourceTitle "CBM 214 Extra"]
[Source "ChessBase"]
[SourceDate "2023.07.31"]
[SourceVersion "1"]
[SourceVersionDate "2023.07.31"]
[SourceQuality "1"]

1. e4 c5 2. Nf3 d6 3. Bb5+ Nd7 4. d4 a6 5. Bxd7+ Bxd7 6. 0-0 cxd4 7. Qxd4 Nf6 8. Bg5 e6 9. c4 Be7 10. Nc3 0-0 11. Bxf6 gxf6 12. Rac1 Rc8 13. Rfd1 Qa5 14. e5 fxe5 15. Nxe5 Qxe5 16. Qxe5 dxe5 17. Rxd7 Bg5 18. Re1 Rxc4 19. Rxe5 Bf6 20. Re3 Bxc3 21. bxc3 Rfc8 22. Rg3+ Kf8 23. Rf3 f5 24. h3 Rxc3 25. Rxc3 Rxc3 26. Rxb7 Rc1+ 27. Kh2 Rc2 28. Kg3 Rxa2 29. Rxh7 Ra4 30. f4 Ra2 31. Ra7 a5 32. Kf3 a4 33. g4 Ra3+ 34. Kg2 fxg4 35. hxg4 Kg8 36. Re7 Ra2+ 37. Kf3 a3 38. Rxe6 Kf7 39. Ra6 Ra1 40. Ke4 a2 41. Kf5 Ke7 42. g5 Ke8 43. Ra7 Kf8 44. Kf6 Ke8 45. f5 Kd8 46. g6 Kc8 47. g7 Rg1 48. Rxa2 Kd8 49. Ra8+ Kd7 50. g8Q Rd1 51. Qe6+ Kc7 52. Rc8+ Kb7 53. Qc6+ Ka7 54. Ra8# 1-0

[Event "Titled Tuesday intern op 16th May Late"]
[Site "Chess.com INT"]
[Date "2023.05.16"]
[Round "9"]
[White "De la Colina, Nicolas"]
[Black "Serban, Cristian Stefan"]
[Result "1-0"]
[WhiteElo "2244"]
[BlackElo "2214"]
[PlyCount "123"]
[EventDate "2023.05.16"]
[EventType "swiss (blitz)"]
[EventRounds "11"]
[EventCountry "USA"]
[SourceTitle "CBM 214 Extra"]
[Source "ChessBase"]
[SourceDate "2023.07.31"]
[SourceVersion "1"]
[SourceVersionDate "2023.07.31"]
[SourceQuality "1"]

1. Nf3 d5 2. e3 Nf6 3. c4 e6 4. Nc3 c5 5. cxd5 exd5 6. d4 Nc6 7. Be2 cxd4 8. Nxd4 Bb4 9. 0-0 Bxc3 10. bxc3 0-0 11. Nxc6 bxc6 12. c4 Ba6 13. Bb2 Bxc4 14. Bxc4 dxc4 15. Qxd8 Rfxd8 16. Bxf6 gxf6 17. Rfc1 Rd2 18. Rxc4 Rb8 19. g3 Rbb2 20. Rf4 Rxa2 21. Rxa2 Rxa2 22. Rxf6 Rc2 23. Rf5 c5 24. Rf6 a5 25. Ra6 Ra2 26. Kg2 a4 27. Kf3 a3 28. Ra4 Kf8 29. Rc4 Ke7 30. Rxc5 Kd6 31. Rh5 Ra1 32. Rxh7 a2 33. Rh6+ Kc5 34. Ra6 Kb4 35. Ra7 Kb3 36. Rxf7 Rh1 37. Rb7+ Kc4 38. Ra7 a1Q 39. Rxa1 Rxa1 40. h4 Kd5 41. Kf4 Ke6 42. e4 Kf6 43. f3 Ra4 44. Kg4 Kg6 45. h5+ Kh6 46. Kh4 Ra1 47. g4 Rh1+ 48. Kg3 Rg1+ 49. Kf4 Kg7 50. Kf5 Kf7 51. f4 Rh1 52. e5 Ke7 53. Kg5 Ke6 54. h6 Kf7 55. f5 Rh2 56. e6+ Ke7 57. Kg6 Kf8 58. g5 Kg8 59. e7 Re2 60. f6 Re6 61. h7+ Kh8 62. Kf7 1-0

[Event "Titled Tuesday intern op 16th May Late"]
[Site "Chess.com INT"]
[Date "2023.05.16"]
[Round "1"]
[White "Gutkin, Ilya"]
[Black "De la Colina, Nicolas"]
[Result "1/2-1/2"]
[WhiteElo "2273"]
[BlackElo "2244"]
[PlyCount "145"]
[EventDate "2023.05.16"]
[EventType "swiss (blitz)"]
[EventRounds "11"]
[EventCountry "USA"]
[SourceTitle "CBM 214 Extra"]
[Source "ChessBase"]
[SourceDate "2023.07.31"]
[SourceVersion "1"]
[SourceVersionDate "2023.07.31"]
[SourceQuality "1"]

1. Nf3 Nf6 2. g3 b6 3. Bg2 Bb7 4. c4 c5 5. 0-0 e6 6. b3 Be7 7. Bb2 0-0 8. d4 cxd4 9. Qxd4 d6 10. Nc3 a6 11. Rfd1 Nbd7 12. Ne1 Bxg2 13. Nxg2 Qc7 14. Ne4 Rfd8 15. Ne3 Ne5 16. Rac1 Rac8 17. Ba3 Nc6 18. Qd3 Nxe4 19. Qxe4 Qb7 20. Qf4 h6 21. h4 Qb8 22. Rc2 b5 23. Rcd2 Ne5 24. Ng4 Nxg4 25. Qxg4 bxc4 26. bxc4 Qc7 27. Bb2 Bf8 28. Ba3 Rd7 29. Qf4 Rcd8 30. Kg2 Qc6+ 31. f3 Qa4 32. Rd3 Qc2 33. R1d2 Qa4 34. Bxd6 Bxd6 35. Rxd6 Rxd6 36. Rxd6 Rxd6 37. Qxd6 Qxc4 38. Qd8+ Kh7 39. Qd3+ Qxd3 40. exd3 Kg6 41. Kf2 Kf5 42. Ke3 Ke5 43. d4+ Kd5 44. Kd3 h5 45. a3 a5 46. Kc3 f6 47. Kd3 g5 48. Kc3 gxh4 49. gxh4 f5 50. Kd3 Kd6 51. Kc4 Kc6 52. f4 Kb6 53. d5 exd5+ 54. Kxd5 Kb5 55. Ke5 Ka4 56. Kxf5 Kxa3 57. Kg5 Kb3 58. f5 a4 59. f6 a3 60. f7 a2 61. f8Q a1Q 62. Qf7+ Kb4 63. Qf4+ Kc5 64. Qf5+ Kd6 65. Qf6+ Qxf6+ 66. Kxf6 Kd7 67. Kg6 Ke7 68. Kxh5 Kf8 69. Kh6 Kg8 70. Kg6 Kh8 71. h5 Kg8 72. h6 Kh8 73. h7 1/2-1/2

[Event "Titled Tuesday intern op 16th May Late"]
[Site "Chess.com INT"]
[Date "2023.05.16"]
[Round "4"]
[White "Riehle, Marco"]
[Black "De la Colina, Nicolas"]
[Result "1-0"]
[WhiteElo "2368"]
[BlackElo "2244"]
[PlyCount "51"]
[EventDate "2023.05.16"]
[EventType "swiss (blitz)"]
[EventRounds "11"]
[EventCountry "USA"]
[SourceTitle "CBM 214 Extra"]
[Source "ChessBase"]
[SourceDate "2023.07.31"]
[SourceVersion "1"]
[SourceVersionDate "2023.07.31"]
[SourceQuality "1"]

1. e4 c5 2. a3 g6 3. h4 h5 4. Nc3 Bg7 5. Bc4 Nc6 6. d3 d6 7. Bg5 Nf6 8. Qd2 a6 9. Nge2 Rb8 10. 0-0-0 b5 11. Bb3 b4 12. axb4 Rxb4 13. f4 Bg4 14. f5 Qa5 15. Kb1 Nd4 16. Nxd4 cxd4 17. Bxf6 dxc3 18. Bxc3 Bxc3 19. Qxc3 0-0 20. fxg6 Bxd1 21. Bxf7+ Rxf7 22. gxf7+ Kxf7 23. Rxd1 Ra4 24. Rf1+ Kg8 25. Qc8+ Kg7 26. Qf8+ 1-0

[Event "Titled Tuesday intern op 11th Apr Late"]
[Site "Chess.com INT"]
[Date "2023.04.11"]
[Round "1"]
[White "De la Colina, Nicolas"]
[Black "Alexikov, Alexander"]
[Result "1-0"]
[WhiteElo "2244"]
[BlackElo "2223"]
[PlyCount "93"]
[EventDate "2023.04.11"]
[EventType "swiss (blitz)"]
[EventRounds "11"]
[EventCountry "USA"]
[SourceTitle "CBM 213 Extra"]
[Source "ChessBase"]
[SourceDate "2023.05.31"]
[SourceVersion "1"]
[SourceVersionDate "2023.05.31"]
[SourceQuality "1"]

1. e4 c5 2. Nf3 d6 3. Bb5+ Bd7 4. Bxd7+ Qxd7 5. 0-0 Nc6 6. Qe2 g6 7. Rd1 Bg7 8. c3 e5 9. Na3 Nge7 10. Nc2 0-0 11. d4 cxd4 12. cxd4 Qc7 13. Be3 Rac8 14. Rac1 Qb8 15. d5 Na5 16. Nd2 b5 17. b3 a6 18. Nb4 Qb7 19. f3 f5 20. Nb1 f4 21. Bf2 g5 22. g4 h5 23. h3 Kf7 24. Kg2 hxg4 25. hxg4 Rxc1 26. Rxc1 Rc8 27. Qd2 Bf6 28. Bg1 Ke8 29. Nd3 Rxc1 30. Qxc1 Kd7 31. Nb4 Ng6 32. Bf2 Bd8 33. Qh1 Nh4+ 34. Bxh4 gxh4 35. g5 Ke8 36. Qxh4 Qg7 37. Nxa6 Bxg5 38. Qg4 Bf6 39. Qxg7 Bxg7 40. Nc7+ Kd7 41. Nxb5 Nb7 42. b4 Bf6 43. Kf2 Bh4+ 44. Ke2 Nd8 45. N1c3 Nf7 46. a4 Bd8 47. a5 1-0

[Event "Titled Tuesday intern op 11th Apr Late"]
[Site "Chess.com INT"]
[Date "2023.04.11"]
[Round "10"]
[White "De la Colina, Nicolas"]
[Black "Chos, Alexey"]
[Result "0-1"]
[WhiteElo "2244"]
[BlackElo "2296"]
[PlyCount "98"]
[EventDate "2023.04.11"]
[EventType "swiss (blitz)"]
[EventRounds "11"]
[EventCountry "USA"]
[SourceTitle "CBM 213 Extra"]
[Source "ChessBase"]
[SourceDate "2023.05.31"]
[SourceVersion "1"]
[SourceVersionDate "2023.05.31"]
[SourceQuality "1"]

1. e4 c6 2. Nf3 d5 3. Nc3 Bg4 4. h3 Bxf3 5. Qxf3 e6 6. Be2 Nd7 7. 0-0 Bb4 8. Nb1 Ngf6 9. exd5 cxd5 10. c3 Bd6 11. d4 0-0 12. Bg5 e5 13. dxe5 Nxe5 14. Qf5 Qd7 15. Qxd7 Nexd7 16. Nd2 h6 17. Be3 Bc5 18. Bf4 Rfe8 19. Rfe1 a6 20. Bf3 g5 21. Bg3 h5 22. Nb3 Bb6 23. Rad1 Rxe1+ 24. Rxe1 g4 25. hxg4 hxg4 26. Bd1 Ne4 27. Nd4 Ndf6 28. Bh4 Kg7 29. Bb3 g3 30. fxg3 Kg6 31. Bxf6 Nxf6 32. Re7 Bc5 33. Bc2+ Kg7 34. Rxb7 Re8 35. Kf1 Ng4 36. Bb3 Kg6 37. Bc2+ Kg7 38. Bb3 Re5 39. Rc7 Bd6 40. Rd7 Bc5 41. Rc7 Bd6 42. Rc6 Be7 43. Bc2 Ne3+ 44. Kf2 Bf6 45. Bb3 Ng4+ 46. Kf3 Nh2+ 47. Kf4 Re4+ 48. Kf5 Nf1 49. Bxd5 Nxg3# 0-1

[Event "Titled Tuesday intern op 11th Apr Late"]
[Site "Chess.com INT"]
[Date "2023.04.11"]
[Round "8"]
[White "De la Colina, Nicolas"]
[Black "Duda, Jan Krzysztof"]
[Result "0-1"]
[WhiteElo "2244"]
[BlackElo "2724"]
[PlyCount "80"]
[EventDate "2023.04.11"]
[EventType "swiss (blitz)"]
[EventRounds "11"]
[EventCountry "USA"]
[SourceTitle "CBM 213 Extra"]
[Source "ChessBase"]
[SourceDate "2023.05.31"]
[SourceVersion "1"]
[SourceVersionDate "2023.05.31"]
[SourceQuality "1"]

1. e4 d6 2. d4 g6 3. Nf3 Bg7 4. c3 Nd7 5. Bd3 e5 6. 0-0 Ngf6 7. Re1 0-0 8. Nbd2 b6 9. Nf1 Bb7 10. Ng3 Re8 11. Bc2 a6 12. a4 b5 13. h3 c5 14. Qe2 exd4 15. cxd4 Qb6 16. axb5 axb5 17. Rxa8 Bxa8 18. dxc5 Nxc5 19. Be3 b4 20. Qc4 Bb7 21. e5 Ba6 22. Qd4 Nfd7 23. Qxd6 Qxd6 24. exd6 Bxb2 25. Bxc5 Rxe1+ 26. Nxe1 Nxc5 27. Ne4 Nd7 28. Nd3 b3 29. Bb1 Bd4 30. Nd2 b2 31. Kf1 Nc5 32. Ke2 Kf8 33. Bc2 Ke8 34. Nb1 Kd7 35. f3 Kxd6 36. Kd2 Nxd3 37. Bxd3 Bxd3 38. Kxd3 Ke5 39. g3 h5 40. h4 Bf2 0-1

[Event "Titled Tuesday intern op 11th Apr Late"]
[Site "Chess.com INT"]
[Date "2023.04.11"]
[Round "6"]
[White "Durarbayli, Vasif"]
[Black "De la Colina, Nicolas"]
[Result "1-0"]
[WhiteElo "2627"]
[BlackElo "2244"]
[PlyCount "85"]
[EventDate "2023.04.11"]
[EventType "swiss (blitz)"]
[EventRounds "11"]
[EventCountry "USA"]
[SourceTitle "CBM 213 Extra"]
[Source "ChessBase"]
[SourceDate "2023.05.31"]
[SourceVersion "1"]
[SourceVersionDate "2023.05.31"]
[SourceQuality "1"]

1. e4 c5 2. Nf3 Nc6 3. d4 cxd4 4. Nxd4 Nf6 5. Nc3 d6 6. Bg5 Bd7 7. Nb3 h6 8. Bxf6 gxf6 9. f4 a6 10. Qh5 Rc8 11. 0-0-0 b5 12. Kb1 Rg8 13. h3 e6 14. f5 Rg5 15. Qf3 Be7 16. g4 Rg8 17. Qe3 Rh8 18. h4 Ne5 19. Rg1 Qc7 20. Nd4 b4 21. fxe6 fxe6 22. Nce2 Nc4 23. Qc1 a5 24. Nf4 Kf7 25. Bh3 e5 26. Nd5 Qb7 27. Nf5 Bf8 28. Rgf1 a4 29. Nfe3 Nxe3 30. Rxf6+ Ke8 31. Qxe3 Be7 32. Nxe7 Kxe7 33. Rfxd6 Be6 34. Rxe6+ Kxe6 35. g5+ Ke7 36. Bxc8 Rxc8 37. gxh6 Qc6 38. Qg5+ Ke8 39. Qxe5+ Kf7 40. Qg7+ Ke8 41. Qe5+ Kf7 42. Rf1+ Kg6 43. Qg5+ 1-0

[Event "Foxwoods op 15th"]
[Site "Ledyard"]
[Date "2023.04.08"]
[Round "6"]
[White "De la Colina, Nicolas"]
[Black "Guha, Eshan"]
[Result "1-0"]
[WhiteElo "2244"]
[BlackElo "2003"]
[PlyCount "85"]
[EventDate "2023.04.05"]
[EventType "swiss"]
[EventRounds "9"]
[EventCountry "USA"]
[SourceTitle "CBM 213 Extra"]
[Source "ChessBase"]
[SourceDate "2023.05.31"]
[SourceVersion "1"]
[SourceVersionDate "2023.05.31"]
[SourceQuality "1"]

1. e4 c6 2. Nc3 d5 3. Nf3 dxe4 4. Nxe4 Nf6 5. Qe2 Nxe4 6. Qxe4 Nd7 7. Bc4 Nf6 8. Ne5 e6 9. Qe2 b5 10. Bb3 Bd6 11. d4 Qc7 12. c3 0-0 13. 0-0 a5 14. Re1 Bb7 15. Bc2 Nd7 16. Qd3 g6 17. Bh6 Rfe8 18. Nf3 c5 19. h3 c4 20. Qe2 Bd5 21. Nd2 e5 22. Qg4 Be6 23. Qh4 exd4 24. Qxd4 Be5 25. Qh4 Bf6 26. Bg5 Bxg5 27. Qxg5 Kg7 28. Nf3 Qc5 29. Qf4 Bd5 30. Nd4 Bb7 31. Rad1 Nf8 32. Re3 Rxe3 33. Qxe3 Rc8 34. Qg3 Kh8 35. Re1 b4 36. Re5 Qc7 37. Qg5 Nd7 38. Re7 Qd8 39. Ne6 fxe6 40. Bxg6 Qg8 41. Rxh7+ Qxh7 42. Bxh7 Kxh7 43. Qe7+ 1-0